Modern Retailing Theory and Practice

Gespeichert in:
Bibliographische Detailangaben
1. Verfasser: Mason, J. Barry
Weitere Verfasser: Mayer, Morris L.
Format: Buch
Sprache:Englisch
Veröffentlicht: Plano Business Publications 1987
Ausgabe:4. ed.
Tags: Tag hinzufügen
Keine Tags, Fügen Sie das erste Tag hinzu!

MARC

LEADER 00000nam a2200000 4500
001 c025072
005 20221219120253.7
041 0 |a eng 
044 |a US 
245 1 0 |a Modern Retailing  |b Theory and Practice  |c J. Barry Mason, Morris L. Mayer 
250 |a 4. ed. 
264 1 |a Plano  |b Business Publications  |c 1987 
300 |a 834 s. 
100 1 |a Mason, J. Barry 
700 1 |a Mayer, Morris L.